00300nam a2200097Ia 4500008004100000100002300041245005600064245003200120260000900152856004100161160531s9999 xx 000 0 und d aLucarini, Valerio. aMathematical and Physical Ideas for Climate Science cby Valerio Lucarini, et al. c2013 uhttp://arxiv.org/pdf/1311.1190v3.pdf